[Event "British Championship"]
[Site "?"]
[Date "2009.08.07"]
[Round "11.13"]
[White "Fitzsimons, David"]
[Black "Littlewood, Paul E"]
[Result "0-1"]
[WhiteElo "2167"]
[BlackElo "2358"]
[PlyCount "70"]
[EventDate "2009.??.??"]

1. e4 c5 2. Nf3 Nc6 3. Bb5 g6 4. O-O Bg7 5. c3 Nf6 6. d4 cxd4 7. cxd4 Nxe4 8.
d5 Nd6 9. Na3 Nb4 10. Re1 O-O 11. Bg5 f6 12. Bf4 Nxb5 13. Nxb5 d6 14. Qd2 Na6
15. Qe3 Bd7 16. Nbd4 Rf7 17. Rac1 Qb6 18. Qd2 Rc8 19. Rxc8+ Bxc8 20. Rc1 Bd7
21. Be3 Qd8 22. Qc2 Rf8 23. a3 Qb8 24. Qe4 Nc5 25. Qb1 Rc8 26. Re1 Na4 27. Bf4
Bf8 28. Re2 Nb6 29. Qa2 Rc5 30. Nd2 Rxd5 31. Nc4 Rxd4 32. Nxd6+ Nd5 33. Re1 e5
34. Ne4 Kg7 35. Be3 Nxe3 0-1

[Event "British Championship"]
[Site "?"]
[Date "2009.08.07"]
[Round "11.14"]
[White "Eggleston, David"]
[Black "Khandelwal, Ankush"]
[Result "1-0"]
[WhiteElo "2341"]
[BlackElo "2160"]
[PlyCount "47"]
[EventDate "2009.??.??"]

1. e4 e5 2. Nf3 Nc6 3. Bc4 Nf6 4. Ng5 d5 5. exd5 Na5 6. Bb5+ c6 7. dxc6 bxc6 8.
Qf3 Rb8 9. Bd3 Bd6 10. Nc3 O-O 11. Bf5 Ba6 12. Nce4 g6 13. Qh3 h5 14. Bxg6 Nxe4
15. Nxe4 fxg6 16. Qe6+ Kh7 17. Qxd6 Rf4 18. Ng5+ Qxg5 19. Qc7+ Kg8 20. d3 Rbf8
21. O-O Bb7 22. f3 c5 23. Qxa5 Bxf3 24. Rxf3 1-0

[Event "British Championship"]
[Site "?"]
[Date "2009.08.07"]
[Round "11.15"]
[White "Salimbeni, George"]
[Black "Hanley, James L"]
[Result "1/2-1/2"]
[WhiteElo "2115"]
[BlackElo "2277"]
[PlyCount "209"]
[EventDate "2009.??.??"]

1. e4 c5 2. Nf3 e6 3. c3 Nf6 4. e5 Nd5 5. d4 cxd4 6. cxd4 d6 7. Bc4 Nb6 8. Bb3
dxe5 9. Nxe5 Nc6 10. Nf3 Be7 11. Nc3 O-O 12. O-O Nb4 13. Be3 Bd7 14. Ne5 N4d5
15. Ne4 Bc6 16. Nxc6 bxc6 17. Rc1 Rc8 18. Qd3 Nf6 19. Rfd1 Nbd5 20. Nxf6+ Bxf6
21. Qa6 Qb6 22. Qxb6 Nxb6 23. Rc5 Rfd8 24. Rdc1 Bxd4 25. Bxd4 Rxd4 26. Rxc6
Rcd8 27. Kf1 g6 28. Rc7 R8d7 29. Rxd7 Rxd7 30. Ke2 Kf8 31. Rd1 Rc7 32. Rd2 Ke7
33. Rc2 Rxc2+ 34. Bxc2 a5 35. a3 Kd6 36. Kd3 Kc5 37. Bb3 Nd7 38. h3 g5 39. Bd1
Nb6 40. b3 Nd5 41. g3 f5 42. Bf3 Ne7 43. b4+ axb4 44. axb4+ Kxb4 45. Kd4 Ng6
46. Bh5 e5+ 47. Kd5 e4 48. Kd4 Kb3 49. g4 f4 50. Kxe4 Nh4 51. Kd3 Kb2 52. Kd2
Nf3+ 53. Ke2 Ne5 54. Kd2 Kb3 55. Be8 Kc4 56. Ba4 Kd4 57. Bc2 h6 58. Bf5 Nc4+
59. Ke2 Kc3 60. Be6 Nd6 61. Bd5 Nb5 62. Be4 Nd4+ 63. Ke1 Nb3 64. Ke2 Nc1+ 65.
Kd1 Kd4 66. Bc2 Na2 67. Kd2 Nc3 68. Bf5 Nd5 69. Bc8 Nb6 70. Bb7 Na4 71. Bc6 Nc5
72. Bg2 Nd3 73. Ke2 Nc5 74. Kd2 Ne6 75. Bf3 Nc5 76. Bg2 Nd7 77. Bc6 Nf6 78. Bf3
Ne8 79. Bc6 Nd6 80. Bf3 Nc4+ 81. Ke2 Kc3 82. Be4 Na3 83. Bd3 Nc2 84. Ba6 Nd4+
85. Kd1 f3 86. Bb7 Kd3 87. Ba8 Ne6 88. Bxf3 Nf4 89. Ke1 Nxh3 90. Bg2 Nf4 91.
Bf3 Ne6 92. Bd5 Nc7 93. Bb7 Ne6 94. Bd5 Nf8 95. Kf1 Kd4 96. Bb7 Ke5 97. Kg2 Kf4
98. f3 Ng6 99. Kf2 Ne5 100. Ba8 Nd3+ 101. Ke2 Ne5 102. Kf2 Nc4 103. Bb7 Ke5
104. Ba8 Kd4 105. Bb7 1/2-1/2

[Event "British Championship"]
[Site "?"]
[Date "2009.08.07"]
[Round "11.16"]
[White "Mueller, Jan"]
[Black "Addison, Bret C"]
[Result "0-1"]
[WhiteElo "2149"]
[BlackElo "2266"]
[PlyCount "94"]
[EventDate "2009.??.??"]

1. d4 d5 2. Bg5 h6 3. Bh4 c6 4. Nf3 Qb6 5. Qc1 g5 6. Bg3 g4 7. Ne5 Qxd4 8. c4
Nd7 9. e3 Qc5 10. Nd2 Bg7 11. Nd3 Qb6 12. Be2 Ngf6 13. O-O O-O 14. c5 Qd8 15.
f3 gxf3 16. gxf3 Nh7 17. e4 e5 18. Qc2 Qe7 19. Rac1 Ng5 20. exd5 cxd5 21. Qb3
Qe6 22. Nb4 Nf6 23. Rfe1 a5 24. Nd3 Nh5 25. Bf1 e4 26. Bg2 e3 27. Nb1 d4 28.
Qxe6 Nxe6 29. Bd6 Rd8 30. f4 Bf8 31. f5 Bxd6 32. fxe6 Bf8 33. Bf3 Ng7 34. exf7+
Kxf7 35. Rcd1 Ne6 36. c6 bxc6 37. Bxc6 Ra7 38. Rf1+ Kg8 39. Rf6 Rf7 40. Rxf7
Kxf7 41. Ne5+ Kf6 42. Nd3 Ba6 43. Be4 Bb4 44. Rf1+ Kg7 45. a3 e2 46. axb4
exf1=Q+ 47. Kxf1 Nf4 0-1

[Event "British Championship"]
[Site "?"]
[Date "2009.08.07"]
[Round "11.17"]
[White "White, Michael"]
[Black "Ross, Chris Neil"]
[Result "1-0"]
[WhiteElo "2259"]
[BlackElo "2203"]
[PlyCount "45"]
[EventDate "2009.??.??"]

1. e4 g6 2. d4 Bg7 3. Nc3 d6 4. f4 Nd7 5. Nf3 a6 6. Bd3 b5 7. e5 Bb7 8. Ne4 c5
9. c3 cxd4 10. cxd4 Qb6 11. Qe2 Nh6 12. Be3 Nf5 13. Bf2 Qa5+ 14. Kf1 O-O 15. g4
Nh6 16. g5 Nf5 17. Ng3 Nh4 18. Nxh4 Bxh1 19. Nxh1 f6 20. Be4 Rad8 21. Bd5+ Kh8
22. Nxg6+ hxg6 23. Qg4 1-0

[Event "British Championship"]
[Site "?"]
[Date "2009.08.07"]
[Round "11.18"]
[White "Gavriel, Tryfon"]
[Black "Lewis, Andrew P"]
[Result "0-1"]
[WhiteElo "2138"]
[BlackElo "2281"]
[PlyCount "80"]
[EventDate "2009.??.??"]

1. e4 c5 2. Nf3 d6 3. d4 cxd4 4. Nxd4 Nf6 5. Nc3 Nc6 6. Bg5 e6 7. Qd2 a6 8.
O-O-O Bd7 9. f3 Be7 10. h4 h6 11. Be3 h5 12. Nxc6 Bxc6 13. Bf4 Qa5 14. Kb1 Rd8
15. Bd3 b5 16. a3 Qb6 17. Be3 Qb7 18. Na2 d5 19. e5 Nd7 20. f4 g6 21. Rhg1 d4
22. Bxd4 Nc5 23. Bxc5 Bxc5 24. Rge1 O-O 25. b4 Bd4 26. c3 Bb6 27. Kb2 Bxg2 28.
f5 exf5 29. Qg5 Bf3 30. e6 Bxd1 31. Rxd1 Qf3 32. exf7+ Kg7 33. Qd2 Qf2 34. Qxf2
Bxf2 35. Kc2 Rxf7 36. Rf1 Bxh4 37. a4 Rfd7 38. Rf3 bxa4 39. c4 Bf6 40. c5 Rd5
0-1

[Event "British Championship"]
[Site "?"]
[Date "2009.08.07"]
[Round "11.19"]
[White "Briscoe, Christopher"]
[Black "Ynojosa, Felix Jose"]
[Result "1/2-1/2"]
[WhiteElo "2268"]
[BlackElo "2188"]
[PlyCount "20"]
[EventDate "2009.??.??"]

1. d4 Nf6 2. Nf3 g6 3. Nc3 Bg7 4. e4 d6 5. Be3 O-O 6. Qd2 a6 7. Bh6 b5 8. Bxg7
Kxg7 9. Bd3 Bb7 10. e5 Nh5 1/2-1/2

[Event "British Championship"]
[Site "?"]
[Date "2009.08.07"]
[Round "11.20"]
[White "Yeo, Michael J"]
[Black "Cumbers, Paul"]
[Result "1/2-1/2"]
[WhiteElo "2136"]
[BlackElo "2207"]
[PlyCount "115"]
[EventDate "2009.??.??"]

1. d4 e6 2. e4 d5 3. Nc3 Nf6 4. Bg5 Bb4 5. e5 h6 6. exf6 hxg5 7. fxg7 Rg8 8. h4
Nc6 9. h5 Rxg7 10. h6 Rh7 11. Bd3 Rh8 12. Nge2 Qf6 13. h7 Bd7 14. a3 Be7 15.
Bb5 O-O-O 16. Qd3 Qg7 17. O-O-O f5 18. g4 Rdf8 19. gxf5 Rxf5 20. Ng3 Rxf2 21.
Bxc6 Bxc6 22. Qe3 Qf7 23. Rdf1 Qf4 24. Qxf4 Rxf4 25. Re1 Rh4 26. Nf5 Rxh1 27.
Nxe7+ Kd7 28. Rxh1 Kxe7 29. Ne2 Kf7 30. Ng1 g4 31. Rh4 Kf6 32. Rxg4 Rxh7 33.
Nf3 Kf5 34. Ne5 Bb5 35. c3 c5 36. Kd2 Rh2+ 37. Ke3 Rh3+ 38. Kd2 cxd4 39. cxd4
Rb3 40. Kc2 Re3 41. Rg2 a5 42. Rh2 Rg3 43. Kd2 Rb3 44. Kc2 Ba4 45. Kc1 Rg3 46.
Kd2 b5 47. Rh5+ Kf4 48. Rh4+ Kg5 49. Rh2 b4 50. axb4 Rb3 51. bxa5 Rxb2+ 52. Ke3
Rxh2 53. Nf3+ Kf5 54. Nxh2 e5 55. dxe5 Kxe5 56. Nf3+ Kd6 57. Kd4 Kc6 58. Ne5+
1/2-1/2

[Event "British Championship"]
[Site "?"]
[Date "2009.08.07"]
[Round "11.21"]
[White "Birtwistle, Nigel"]
[Black "Shaw, Peter"]
[Result "0-1"]
[WhiteElo "2186"]
[BlackElo "2123"]
[PlyCount "40"]
[EventDate "2009.??.??"]

1. e4 e6 2. d4 d5 3. Nd2 Nf6 4. e5 Ne4 5. Bd3 Nxd2 6. Bxd2 c5 7. dxc5 Nc6 8.
Nf3 Bxc5 9. O-O Be7 10. c3 Bd7 11. Re1 O-O 12. Qc2 h6 13. Qc1 f6 14. Bxh6 gxh6
15. Qxh6 Rf7 16. Bg6 Rg7 17. Re3 fxe5 18. h4 e4 19. Ng5 Bxg5 20. hxg5 Ne5 0-1

[Event "British Championship"]
[Site "?"]
[Date "2009.08.07"]
[Round "11.22"]
[White "Green, Andrew"]
[Black "Warman, Simon M"]
[Result "1-0"]
[WhiteElo "2203"]
[BlackElo "2156"]
[PlyCount "99"]
[EventDate "2009.??.??"]

1. e4 c5 2. Nf3 e6 3. d4 cxd4 4. Nxd4 a6 5. Nc3 Qc7 6. Qf3 Nf6 7. Bd3 Nc6 8.
Nxc6 Qxc6 9. Qg3 Bb4 10. O-O Bxc3 11. bxc3 Nh5 12. Qg5 g6 13. g4 h6 14. Qe3 Nf6
15. Qd4 e5 16. Qxe5+ Qe6 17. Qxe6+ dxe6 18. h3 Bd7 19. Be3 Bc6 20. Bd4 Ke7 21.
Rae1 Rhg8 22. f4 Nd7 23. Re3 f6 24. Rg3 e5 25. fxe5 fxe5 26. Be3 g5 27. Rgf3
Raf8 28. Bc1 Ke8 29. Rf5 Rxf5 30. exf5 e4 31. Re1 Kd8 32. Bc4 Re8 33. Kf2 Ne5
34. Bb3 Kc7 35. Be3 Nf3 36. Rd1 h5 37. Bc5 hxg4 38. hxg4 b6 39. Bd6+ Kb7 40.
Ke3 Nh4 41. Rd2 Nf3 42. Rf2 Rd8 43. Be7 Rd7 44. f6 Ne5 45. f7 Nxg4+ 46. Ke2 e3
47. f8=Q exf2 48. Be6 Rc7 49. Bxg4 Bb5+ 50. Kxf2 1-0

[Event "British Championship"]
[Site "?"]
[Date "2009.08.07"]
[Round "11.23"]
[White "Kolbus, Dietmar"]
[Black "Griffiths, Ryan-Rhys"]
[Result "1-0"]
[WhiteElo "2383"]
[BlackElo "2137"]
[PlyCount "81"]
[EventDate "2009.??.??"]

1. d4 Nf6 2. Nf3 e6 3. g3 b5 4. Bg2 Bb7 5. O-O Be7 6. Bg5 O-O 7. Nbd2 d5 8. c3
a5 9. Ne5 Nbd7 10. Nxd7 Nxd7 11. Bxe7 Qxe7 12. e4 dxe4 13. Nxe4 c5 14. dxc5
Nxc5 15. Qe2 Nxe4 16. Bxe4 Bxe4 17. Qxe4 Rac8 18. Rad1 g6 19. Rd4 Rfd8 20. Rfd1
Rxd4 21. Rxd4 Rd8 22. Qd3 Rxd4 23. Qxd4 Qg5 24. Kg2 Qd5+ 25. Qxd5 exd5 26. Kf3
Kf8 27. Ke3 Ke7 28. Kd4 Kd6 29. b3 b4 30. f3 f6 31. c4 dxc4 32. Kxc4 Kc6 33. g4
g5 34. Kd4 Kd6 35. Ke4 Ke6 36. f4 gxf4 37. Kxf4 Kf7 38. Kf5 Kg7 39. g5 fxg5 40.
Kxg5 Kf7 41. Kf5 1-0

[Event "British Championship"]
[Site "?"]
[Date "2009.08.07"]
[Round "11.24"]
[White "Raoof, Adam"]
[Black "Sowray, Peter J"]
[Result "0-1"]
[WhiteElo "2144"]
[BlackElo "2335"]
[PlyCount "78"]
[EventDate "2009.??.??"]

1. d4 Nf6 2. c4 e6 3. Nc3 Bb4 4. a3 Bxc3+ 5. bxc3 b6 6. e3 Bb7 7. f3 d6 8. Bd3
e5 9. e4 c5 10. Ne2 Nbd7 11. O-O Qc7 12. Be3 O-O-O 13. a4 a5 14. d5 Rde8 15.
Rf2 h5 16. Nc1 Kb8 17. Rb1 Ka7 18. Bf1 Ba6 19. Rfb2 Rb8 20. Nb3 Qc8 21. g3 Qf8
22. h3 g6 23. Bd3 Ne8 24. g4 Ng7 25. Rg2 Qe7 26. Rbb2 Rh7 27. Rh2 Rbh8 28. Qe1
Nf8 29. Nc1 g5 30. Rbg2 Ng6 31. Ne2 hxg4 32. Rxg4 f6 33. Kf2 Rxh3 34. Rxh3 Rxh3
35. Qf1 Rh7 36. Rg1 Nh5 37. Rh1 Nhf4 38. Ng3 Rxh1 39. Nxh1 Qh7 0-1

[Event "British Championship"]
[Site "?"]
[Date "2009.08.07"]
[Round "11.25"]
[White "Lalic, Susan"]
[Black "Jones, William EG"]
[Result "1-0"]
[WhiteElo "2334"]
[BlackElo "2052"]
[PlyCount "133"]
[EventDate "2009.??.??"]

1. e4 c5 2. Nc3 Nc6 3. g3 g6 4. Bg2 Bg7 5. d3 d6 6. Nge2 e6 7. O-O Nge7 8. Bg5
O-O 9. Qd2 Rb8 10. Bh6 Bxh6 11. Qxh6 b5 12. h4 f6 13. Qd2 b4 14. Nd1 Nd4 15.
Ne3 f5 16. exf5 Nexf5 17. Nxf5 Nxe2+ 18. Qxe2 gxf5 19. b3 Qf6 20. f4 Rf7 21. a3
a5 22. axb4 axb4 23. Kh2 Rg7 24. Ra5 Kh8 25. Rfa1 Bb7 26. Bxb7 Rgxb7 27. Ra7
Rxa7 28. Rxa7 Rd8 29. Qh5 Qg6 30. Qxg6 hxg6 31. Re7 Kg8 32. Kh3 Kf8 33. Rxe6
Kf7 34. Re2 Ra8 35. Kg2 Ra2 36. Kf3 Kf6 37. Ke3 Ke6 38. Kd2+ Kf6 39. Re8 Ra1
40. Re3 Rg1 41. d4 cxd4 42. Rd3 Ke6 43. Rxd4 Rxg3 44. Rxb4 Rg4 45. Ke3 Rxh4 46.
Rd4 Rh3+ 47. Kd2 Rg3 48. b4 g5 49. fxg5 Rxg5 50. c4 Rg3 51. Kc2 Rg4 52. Kc3
Rg3+ 53. Kc2 Rg7 54. b5 Rf7 55. Kd3 Rh7 56. Kc3 Rf7 57. Rf4 Ke5 58. Rf1 f4 59.
Re1+ Kf5 60. Kd4 Rc7 61. Rb1 Ke6 62. Re1+ Kf5 63. Rh1 Kg5 64. Rb1 Rb7 65. Kd5
Rb6 66. Ke6 f3 67. Kd7 1-0

[Event "British Championship"]
[Site "?"]
[Date "2009.08.07"]
[Round "11.26"]
[White "Anderson, John"]
[Black "Bonafont, Philip"]
[Result "1/2-1/2"]
[WhiteElo "2248"]
[BlackElo "2124"]
[PlyCount "43"]
[EventDate "2009.??.??"]

1. e4 c5 2. Nf3 d6 3. d4 cxd4 4. Nxd4 Nf6 5. Nc3 a6 6. Bg5 e6 7. f4 Be7 8. Qf3
Qc7 9. O-O-O Nbd7 10. g4 b5 11. Bxf6 Nxf6 12. g5 Nd7 13. f5 Bxg5+ 14. Kb1 Ne5
15. Qh5 Qe7 16. Nxe6 Bxe6 17. fxe6 g6 18. exf7+ Kxf7 19. Qh3 Kg7 20. Nd5 Qd8
21. Qc3 Rc8 22. Qa3 1/2-1/2

[Event "British Championship"]
[Site "?"]
[Date "2009.08.07"]
[Round "11.27"]
[White "Burrows, Martin"]
[Black "Varnam, Liam"]
[Result "1/2-1/2"]
[WhiteElo "2209"]
[BlackElo "2167"]
[PlyCount "133"]
[EventDate "2009.??.??"]

1. e4 e5 2. Bc4 Nc6 3. Nf3 Nf6 4. d4 exd4 5. e5 d5 6. Bb5 Ne4 7. Nxd4 Bd7 8.
Bxc6 bxc6 9. O-O Bc5 10. f3 Ng5 11. Be3 O-O 12. Qd2 Bxd4 13. Bxd4 Ne6 14. Bf2
f6 15. exf6 Qxf6 16. Nc3 h5 17. h4 Nf4 18. Bg3 Rab8 19. Na4 g5 20. Nc5 Bc8 21.
hxg5 Qxg5 22. Bxf4 Qxf4 23. Qxf4 Rxf4 24. b3 Rf6 25. Rfe1 Bf5 26. a4 Rbf8 27.
Re2 Rd8 28. Rd1 Kf7 29. Rd4 Re8 30. Rxe8 Kxe8 31. c3 Ke7 32. a5 Kd6 33. b4 Rg6
34. Kf2 Bc8 35. Ne4+ Ke5 36. f4+ Ke6 37. Nc5+ Kf5 38. g3 h4 39. gxh4 Rg4 40. c4
Rxh4 41. cxd5 Rxf4+ 42. Ke3 Rxd4 43. Kxd4 Kf6 44. dxc6 Ke7 45. Ne4 Ba6 46. Kc5
Kd8 47. Nc3 Bf1 48. Nd5 Kc8 49. Ne7+ Kd8 50. Nf5 Kc8 51. Nd4 Kb8 52. Kd5 Kc8
53. Ke6 a6 54. Kd5 Bg2+ 55. Kc5 Bf1 56. Nf5 Kd8 57. Ne3 Be2 58. Nd5 Bf1 59. Nc3
Kc8 60. Kd4 Kd8 61. Kd5 Kc8 62. Kc5 Bd3 63. b5 Bxb5 64. Nxb5 axb5 65. Kb4 Kb8
66. Kxb5 Ka7 67. a6 1/2-1/2

[Event "British Championship"]
[Site "?"]
[Date "2009.08.07"]
[Round "11.28"]
[White "Eden, Tomer"]
[Black "Adair, James"]
[Result "1-0"]
[WhiteElo "2157"]
[BlackElo "2124"]
[PlyCount "79"]
[EventDate "2009.??.??"]

1. d4 Nf6 2. c4 e6 3. g3 c5 4. d5 exd5 5. cxd5 b5 6. Bg2 d6 7. e4 g6 8. Nf3 Bg7
9. O-O O-O 10. e5 dxe5 11. Nxe5 Bb7 12. Nc6 Qb6 13. Ne7+ Kh8 14. Nc3 Re8 15.
Re1 Qd8 16. d6 Bxg2 17. Kxg2 Qb6 18. Qf3 Nbd7 19. Bf4 b4 20. Ncd5 Nxd5 21. Nxd5
Qb7 22. Nc7 Qxf3+ 23. Kxf3 Rxe1 24. Rxe1 Rd8 25. b3 Kg8 26. g4 a5 27. g5 c4 28.
bxc4 a4 29. Na6 b3 30. axb3 a3 31. c5 a2 32. c6 a1=Q 33. Rxa1 Bxa1 34. cxd7 Bd4
35. Ke4 Bxf2 36. Kd5 Ra8 37. Nc5 Rd8 38. b4 Be1 39. Kc6 Bxb4 40. Nb7 1-0

[Event "British Championship"]
[Site "?"]
[Date "2009.08.07"]
[Round "11.29"]
[White "McPhillips, Karl"]
[Black "Jones, Victor GL"]
[Result "1/2-1/2"]
[WhiteElo "2231"]
[BlackElo "2076"]
[PlyCount "50"]
[EventDate "2009.??.??"]

1. d4 Nf6 2. c4 c5 3. d5 e6 4. Nc3 exd5 5. cxd5 d6 6. Nf3 g6 7. Qa4+ Nbd7 8.
Bf4 a6 9. e4 Be7 10. Be2 O-O 11. O-O b5 12. Qc2 b4 13. Nb1 Re8 14. Nbd2 Bf8 15.
Bd3 Rb8 16. Nc4 Nb6 17. Nfd2 Nxc4 18. Nxc4 a5 19. Rfe1 Ba6 20. h3 a4 21. b3 a3
22. Rad1 Bxc4 23. Bxc4 Nd7 24. Bh2 Rb6 25. f4 Bg7 1/2-1/2

[Event "British Championship"]
[Site "?"]
[Date "2009.08.07"]
[Round "11.32"]
[White "Sen, Subin"]
[Black "De Coverly, Roger"]
[Result "1/2-1/2"]
[WhiteElo "2093"]
[BlackElo "2127"]
[PlyCount "87"]
[EventDate "2009.??.??"]

1. Nf3 Nf6 2. c4 g6 3. g3 Bg7 4. Bg2 O-O 5. O-O d6 6. d4 Nc6 7. Nc3 Rb8 8. h3
Bd7 9. e4 e5 10. Be3 exd4 11. Nxd4 Nxd4 12. Bxd4 a6 13. a4 Re8 14. f4 c5 15.
Bf2 Bc6 16. Qd3 Qc8 17. Rfe1 b6 18. Rad1 Bf8 19. g4 h6 20. e5 dxe5 21. fxe5
Bxg2 22. Kxg2 Nh7 23. Bg3 Qc6+ 24. Nd5 Rb7 25. Qf3 Re6 26. h4 b5 27. axb5 axb5
28. b3 bxc4 29. bxc4 Rb2+ 30. Kg1 Qb7 31. Rd3 Bg7 32. Rde3 Nf8 33. Rf1 Rb1 34.
Rxb1 Qxb1+ 35. Re1 Qb8 36. Rf1 Qa7 37. g5 h5 38. Nf6+ Kh8 39. Rd1 Ra6 40. Bf2
Ra1 41. Kg2 Rxd1 42. Qxd1 Ne6 43. Qf3 Bf8 44. Nd5 1/2-1/2

[Event "British Championship"]
[Site "?"]
[Date "2009.08.07"]
[Round "11.33"]
[White "Littlewood, John Eric"]
[Black "Gill, Neville"]
[Result "1/2-1/2"]
[WhiteElo "2188"]
[BlackElo "2111"]
[PlyCount "30"]
[EventDate "2009.??.??"]

1. e4 e5 2. Nc3 Nf6 3. g3 d5 4. exd5 Nxd5 5. Bg2 Nxc3 6. bxc3 Nc6 7. d3 Bc5 8.
Nf3 O-O 9. O-O Bg4 10. h3 Bh5 11. g4 Bg6 12. Re1 e4 13. Nd4 Nxd4 14. cxd4 Bxd4
15. Rb1 Bb6 1/2-1/2

[Event "British Championship"]
[Site "?"]
[Date "2009.08.07"]
[Round "11.34"]
[White "Surtees, Michael"]
[Black "Galliano, Alex"]
[Result "0-1"]
[WhiteElo "2149"]
[BlackElo "2050"]
[PlyCount "79"]
[EventDate "2009.??.??"]

1. e4 e5 2. a3 Nf6 3. d3 d5 4. f4 dxe4 5. fxe5 Ng4 6. d4 e3 7. Nc3 Nf2 8. Qf3
Nxh1 9. Bxe3 Be7 10. Bc4 O-O 11. Ne4 Be6 12. d5 Bc8 13. Qf4 h6 14. Kf1 b5 15.
Ba2 Bb7 16. d6 cxd6 17. exd6 Bg5 18. Nxg5 hxg5 19. Qxg5 Qxd6 20. Qf4 Qxf4+ 21.
Bxf4 Rd8 22. Nh3 Bd5 23. b3 Na6 24. c4 bxc4 25. bxc4 Bc6 26. Ng5 Nc5 27. Be3
Ne4 28. Re1 Nhg3+ 29. hxg3 Nxg3+ 30. Kf2 Ne4+ 31. Nxe4 Bxe4 32. c5 Bc6 33. Bc4
Rab8 34. g4 Re8 35. Rd1 Rb2+ 36. Rd2 Rxd2+ 37. Bxd2 Re4 38. Be2 Ra4 39. Bc1 Ra5
40. Bd3 0-1

[Event "British Championship"]
[Site "?"]
[Date "2009.08.07"]
[Round "11.35"]
[White "Smith, Graham M"]
[Black "McClement, Andrew"]
[Result "1/2-1/2"]
[WhiteElo "2119"]
[BlackElo "1893"]
[PlyCount "43"]
[EventDate "2009.??.??"]

1. d4 Nf6 2. Nf3 e6 3. Bg5 c5 4. c3 Nc6 5. e3 d5 6. Nbd2 Be7 7. Bd3 b6 8. Bb5
Bb7 9. Ne5 Qc7 10. Qa4 Rc8 11. Qxa7 Nd7 12. Bxc6 Bxc6 13. Qxc7 Rxc7 14. Bf4 Bd6
15. Nd3 Ke7 16. Bxd6+ Kxd6 17. O-O-O Bb5 18. dxc5+ bxc5 19. Kc2 Bxd3+ 20. Kxd3
Ra8 21. a3 c4+ 22. Kc2 1/2-1/2

[Event "British Championship"]
[Site "?"]
[Date "2009.08.07"]
[Round "11.37"]
[White "Dines, Sheila"]
[Black "McDonnell, James J"]
[Result "0-1"]
[WhiteElo "1936"]
[BlackElo "2023"]
[PlyCount "32"]
[EventDate "2009.??.??"]

1. e4 c5 2. Nc3 Nc6 3. f4 g6 4. Nf3 Bg7 5. Bb5 Nd4 6. O-O Nxb5 7. Nxb5 d5 8.
exd5 a6 9. Nc3 Nf6 10. Qe2 Nxd5 11. Qc4 Nb4 12. Ne2 b6 13. c3 Be6 14. Qe4 Bf5
15. Qc4 Bd3 16. Qb3 Nc2 0-1

[Event "British Championship"]
[Site "?"]
[Date "2009.08.07"]
[Round "11.38"]
[White "Garnett, John S"]
[Black "Tunks, Dominic"]
[Result "0-1"]
[WhiteElo "2059"]
[BlackElo "2083"]
[PlyCount "80"]
[EventDate "2009.??.??"]

1. d4 e6 2. Nf3 b6 3. g3 Bb7 4. Bg2 c5 5. e3 d6 6. O-O Nd7 7. c4 Rc8 8. b3 Ngf6
9. Bb2 Be7 10. Nc3 O-O 11. Rc1 Qc7 12. Qe2 Rfe8 13. Rfd1 a6 14. a4 cxd4 15.
exd4 Qb8 16. Ng5 Bf8 17. Qd3 g6 18. Nge4 Nxe4 19. Nxe4 f5 20. Ng5 h6 21. Nf3
Bg7 22. Ba3 Be4 23. Qe2 d5 24. Ne1 Bxg2 25. Nxg2 dxc4 26. Rxc4 Nf6 27. Rdc1
Rxc4 28. Rxc4 Ne4 29. Qc2 b5 30. axb5 axb5 31. Rc7 Bxd4 32. Qc6 Bxf2+ 33. Kf1
Qd8 34. Rd7 Qf6 35. Nf4 Qa1+ 36. Bc1 Bc5 37. Rd1 Qa8 38. Qd7 Nxg3+ 39. Ke1 Qe4+
40. Kd2 Bb4# 0-1